000 00739cam a2200229 a 4500
001 13709758
005 20180209032224.0
008 040903s2004 nyua 001 0 eng
010 _a 2004557970
020 _a1587787857 (alk. paper)
040 _aDLC
_cDLC
_dDLC
041 _aeng
043 _an-us---
080 _a346.73048 GOL
082 0 0 _a346.73048 GOL
_221
100 1 _a14
101 _aSHJ
245 1 0 _aCopyright, patent, trademark, and related state doctrines :
_cby Paul Goldstein.
906 _a7
_bcbc
_corigcop
_d2
_encip
_f20
_gy-gencatlg
942 _2ddc
_cBK
999 _c42199
_d42199